Электроснабжение производственных помещений / ДОФ 2022 (13.03.02): электронный курс
| Автор: | |
|---|---|
| Співавтор: | |
| Резюме: | Заглавие с экрана Целью освоения дисциплины является формирование у обучающихся определенного состава компетенций для подготовки к профессиональной деятельности. Курс посвящен изучению основных принципов построения систем электроснабжения производственных помещений промышленных предприятий. Курс состоит из четырех разделов, соответствующих основным частям проекта системы электроснабжения производственного помещения. Каждый раздел содержит материалы для теоретического обучения и примеры практического применения изучаемых методик. Полученные знания и навыки оцениваются посредством тестирования по каждому из разделов курса и выполнением индивидуальных заданий. Тематика индивидуальных заданий соответствует выполнению частей курсового проекта, по каждому из разделов курса, что позволяет повысить уровень системного мышления студента в профессиональной сфере и способствует достижению основной цели курса Интерактивный мультимедиа ресурс AM_Login_TPU |
| Мова: | Російська |
| Опубліковано: |
Томск, TPU Moodle, 2025
|
| Предмети: | |
| Онлайн доступ: | https://design.lms.tpu.ru/course/view.php?id=5057 |
| Формат: | Електронний ресурс Книга |
| KOHA link: | https://koha.lib.tpu.ru/cgi-bin/koha/opac-detail.pl?biblionumber=681890 |
MARC
| LEADER | 00000nlm0a2200000 4500 | ||
|---|---|---|---|
| 001 | 681890 | ||
| 005 | 20250926093029.0 | ||
| 090 | |a 681890 | ||
| 100 | |a 20250925d2025 m||y0rusy50 ca | ||
| 101 | 0 | |a rus | |
| 102 | |a RU | ||
| 105 | |a a j 000yy | ||
| 135 | |a jrcn ---uucaa | ||
| 181 | 0 | |a i |b e | |
| 182 | 0 | |a b | |
| 183 | 0 | |a cr |2 RDAcarrier | |
| 200 | 1 | |a Электроснабжение производственных помещений / ДОФ 2022 (13.03.02) |e электронный курс |f С. Г. Обухов |g Национальный исследовательский Томский политехнический университет, Отделение электроэнергетики и электротехники | |
| 203 | |a Текст |c электронный |b визуальный | ||
| 210 | |a Томск |c TPU Moodle |d 2025 | ||
| 283 | |a online_resource |2 RDAcarrier | ||
| 300 | |a Заглавие с экрана | ||
| 330 | |a Целью освоения дисциплины является формирование у обучающихся определенного состава компетенций для подготовки к профессиональной деятельности. Курс посвящен изучению основных принципов построения систем электроснабжения производственных помещений промышленных предприятий. Курс состоит из четырех разделов, соответствующих основным частям проекта системы электроснабжения производственного помещения. Каждый раздел содержит материалы для теоретического обучения и примеры практического применения изучаемых методик. Полученные знания и навыки оцениваются посредством тестирования по каждому из разделов курса и выполнением индивидуальных заданий. Тематика индивидуальных заданий соответствует выполнению частей курсового проекта, по каждому из разделов курса, что позволяет повысить уровень системного мышления студента в профессиональной сфере и способствует достижению основной цели курса | ||
| 336 | |a Интерактивный мультимедиа ресурс | ||
| 371 | 0 | |a AM_Login_TPU | |
| 606 | |a Промышленные предприятия |x Электроснабжение |x Эффективность |9 71139 | ||
| 610 | 1 | |a электронный ресурс | |
| 610 | 1 | |a труды учёных ТПУ | |
| 610 | 1 | |a электронное обучение | |
| 610 | 1 | |a кампусные онлайн-курсы | |
| 610 | 1 | |a дистанционное образование | |
| 610 | 1 | |a дистанционное обучение | |
| 610 | 1 | |a e-learning | |
| 610 | 1 | |a Moodle | |
| 610 | 1 | |a электрическая энергия | |
| 610 | 1 | |a потребители | |
| 610 | 1 | |a электрические нагрузки | |
| 610 | 1 | |a электрооборудование | |
| 610 | 1 | |a электрические сети | |
| 610 | 1 | |a аппараты защиты | |
| 675 | |a 658.26:621.31(075.8) |v 4 | ||
| 700 | 1 | |a Обухов |b С. Г. |c специалист в области электроэнергетики |c профессор Томского политехнического университета, доктор технических наук |f 1963- |g Сергей Геннадьевич |9 12090 | |
| 712 | 0 | 2 | |a Национальный исследовательский Томский политехнический университет |b Инженерная школа энергетики |b Отделение электроэнергетики и электротехники |c (2017- ) |9 28321 |4 570 |
| 801 | 0 | |a RU |b 63413507 |c 20250925 |g RCR | |
| 850 | |a 63413507 | ||
| 856 | 4 | |u https://design.lms.tpu.ru/course/view.php?id=5057 |z https://design.lms.tpu.ru/course/view.php?id=5057 | |
| 942 | |c CF | ||